000 00392 a2200169 4500
001 56239
020 _a
040 _cAnchieta - Pituba
100 _aSANTOS, Henrique Julio Vieira Gonçalves dos
240 1 0 _a2ª Química, III unidade
_lpor
245 1 0 _a2ª Química, III unidade
300 _a7
362 0 _a2017
440 1 _aColégio Anchieta
650 4 _aQuímica
942 _cBK
999 _c56239
_d56239